|
|
|
|
| LEADER |
01847nam a2200481 i 4500 |
| 001 |
EBC3015467 |
| 003 |
MiAaPQ |
| 005 |
20200520144314.0 |
| 006 |
m o d | |
| 007 |
cr cnu|||||||| |
| 008 |
140110s2009 cau ob 001 0 eng|d |
| 020 |
|
|
|z 9780817939113
|
| 020 |
|
|
|a 9780817939182
|q (electronic bk.)
|
| 035 |
|
|
|a (MiAaPQ)EBC3015467
|
| 035 |
|
|
|a (Au-PeEL)EBL3015467
|
| 035 |
|
|
|a (CaPaEBR)ebr10822106
|
| 035 |
|
|
|a (CaONFJC)MIL551697
|
| 035 |
|
|
|a (OCoLC)923645167
|
| 040 |
|
|
|a MiAaPQ
|b eng
|e rda
|e pn
|c MiAaPQ
|d MiAaPQ
|
| 050 |
|
4 |
|a HB701
|b .A44 2009
|
| 100 |
1 |
|
|a Anderson, Terry Lee.
|
| 245 |
1 |
0 |
|a Property rights :
|b a practical guide to freedom and prosperity /
|c Terry L. Anderson, Laura E. Huggins.
|
| 250 |
|
|
|a First printing Hoover Classics edition.
|
| 264 |
|
1 |
|a Stanford, California :
|b Hoover Institution Press,
|c 2009.
|
| 300 |
|
|
|a 1 online resource (137 pages).
|
| 336 |
|
|
|a text
|2 rdacontent
|
| 337 |
|
|
|a computer
|2 rdamedia
|
| 338 |
|
|
|a online resource
|2 rdacarrier
|
| 440 |
|
0 |
|a Hoover classics
|
| 490 |
1 |
|
|a Hoover Institution Press publication ;
|v no. 515
|
| 504 |
|
|
|a Includes bibliographical references and index.
|
| 588 |
|
|
|a Description based on online resource; title from PDF title page (ebrary, viewed January 8, 2014).
|
| 590 |
|
|
|a Electronic reproduction. Ann Arbor, MI : ProQuest, 2015. Available via World Wide Web. Access may be limited to ProQuest affiliated libraries.
|
| 650 |
|
0 |
|a Property.
|
| 650 |
|
0 |
|a Real property.
|
| 650 |
|
0 |
|a Right of property.
|
| 650 |
|
0 |
|a Liberty.
|
| 650 |
|
0 |
|a Economic development.
|
| 655 |
|
4 |
|a Electronic books.
|
| 700 |
1 |
|
|a Huggins, Laura E.
|
| 797 |
2 |
|
|a ProQuest (Firm)
|
| 830 |
|
0 |
|a Hoover Institution Press publication ;
|v 515.
|
| 856 |
4 |
0 |
|u https://ebookcentral.proquest.com/lib/matrademy/detail.action?docID=3015467
|z Click to View
|